000 01252nam a2200265Ia 4500
999 _c55862
_d55862
001 22960
003 GE_BSU
005 20230613124559.0
008 181216s2003||||ge |||||||||||||| ||geo||
020 _a999407086X
040 _cGE_BSU
041 _ageo
080 _a821.353.1.09-1 ბ-65
100 _aბიბილეიშვილი, იური
_9800
245 _aსული უკვდავი :
_bაჭარაში მოღვაწე მწერალთა შემოქმედება. წ. 1 /
_cიური ბიბილეიშვილი ; რედ. რევაზ მიშველაძე.
264 _aბათუმი :
_bგამ-ბა აჭარა,
_c2003.
300 _a372 გვ. ;
_c22 სმ.
541 _h10ლ.
653 _aსული უკვდავი
653 _aაჭარაში მოღვაწე მწერალთა შემოქმედება. წ. 1
653 _aქართველი მწერლები
653 _aქართული პოეზიის ისტორია და კრიტიკა
700 _aმიშველაძე, რევაზ
_eრედაქტორი
_93537
942 _cBK
_2udc